| 000 | 00496nam a22001937a 4500 | ||
|---|---|---|---|
| 003 | OSt | ||
| 005 | 20140310182827.0 | ||
| 008 | 130529t xxu||||| |||| 00| 0 eng d | ||
| 050 |
_aBV 205 _b.D278 1974 |
||
| 082 |
_aM 248 _bD36 1974 |
||
| 245 |
_aHow to talk with God _cDe Haan, Richard W. |
||
| 260 |
_aMichigan : _bVictor Books, _c1974 |
||
| 300 |
_a32 p. : _c19 cm. |
||
| 521 | _acollege students | ||
| 526 | _c1210L-1700L | ||
| 541 | _j1 | ||
| 562 | _e1 | ||
| 942 |
_2lcc _cBK _kM |
||
| 999 |
_c16518 _d16518 |
||